| 000 | 03785nam a2200277 i 4500 | ||
|---|---|---|---|
| 001 | 000004135 | ||
| 003 | DO-SdBNP | ||
| 005 | 20260129101454.0 | ||
| 007 | ta | ||
| 008 | 290126m2009 dr r 001 0 spa d | ||
| 040 |
_aDO-SdBNP _bspa _cBNPHU _erda |
||
| 041 | _aspa | ||
| 082 | 4 |
_axxx _bC748a _222 |
|
| 110 |
_aConferencia del Episcopado Dominicano. _946310 |
||
| 245 | 1 | 0 |
_aAnuncio del Kerygma : _bprimera etapa de la misión continental |
| 264 |
_aSanto Domingo : _bPlan Nacional de Pastoral, _c2009 |
||
| 300 |
_a224 páginas : _bilustraciones ; _c21 cm. |
||
| 336 |
_atexto _btxt _2rdacontent |
||
| 337 |
_asin mediación _bn _2rdamedia |
||
| 338 |
_avolumen _bnc _2rdacarrier |
||
| 505 | _a“ Vayan por todo el mundo y proclamen el Evangelio a toda creación’’ (Mc 16,15). Envío de los misioneros 11 – Organización de los quipos de misioneros a nivel zonal y parroquial 12 – Acto penitencial de los misioneros y misioneras en sus parroquias 14 – Celebración del envió de los misioneros 16 – Preparación espiritual de los misioneros celebración de la liturgia de las horas 16 – Dios quiere que todos y todas ‘’se salven y lleguen al conocimiento de la verdad’’ (1 Tm 1,4). Primera semana de la misión continental convocatoria de la comunidad 24 – Convocatoria de la comunidad 25 – Visitas a las casas promoción publicitaria de la misión 26 – Campaña de oración por la misión 28 – Dios quiere que todos y todas ‘’se salven y lleguen al conocimiento de la verdad’’ ( 1 Tm 1,4). Misión intensiva proclamación del Kerygma 30 – El inicio de la misión continental en las parroquias 31 – Visitas por las casas para anunciar el Kerygma durante la semana de la misión 37 – Proclamación del Kerygma en a casa de misión 39 – Primer tema en la casa de misión: el Señor no has invitado a encontramos con Él y a seguirlo 41 – Dios te ama. Dios nos ama 44 – Tercer tema en la casa misión: El pecado. Jesús ten compasión de mi 48 – Cuarto tema en la casa misión: Jesucristo, nuestro Salvador 53 –Quinto tema en la casa misión: Jesús espera tu respuesta: La fe 58 – Sexto tema en la casa misión: La conversión 61 – Séptimo tema en la casa misión: Jesús nos da el espíritu santo 66 – Rosario de la Aurora 71 – Jesús nos llama a vivir en la Iglesia 74 – Con todos los sectores misionados 79 – “ Yo soy el camino, la verdad y la vida” (Jn 14,6). Encuentro de preparación al retiro Kerygmático en la casa misión 80 – Encuentro de preparación al retiro Kerygmático 81 – “ Hagan discípulos a todas las gentes” (Mt 28,19). Retiro kerymático 85 Retiro de integración a la comunidad 86 – Encuentro con Jesucristo en la palabra 86 – Encuentro con Cristo en la Eucaristía “ Y sucedió que, cuando se puso a la mesa con ellos, tomo el pan, pronuncio la bendición, lo partió y se lo iba dando. Entonces se les abrieron os ojos y le reconocieron” (Lc 24, 30-31) 98 – Encuentro con Cristo en la comunidad y en el servicio, especialmente a los más pobres 107 – “ Se mantenían constantes en la enseñanza de los apóstoles, en la comunión, en la fracción del pan y en las oraciones” (Hch 2,42). Catequesis Kerygmáticas 124 – Metodología de preparación de las catequesis kerygmáticas, de la creación de la eucaristía dominical 125 – Catequesis Kerymáticas 135 – “ Si alguno quiere venir detrás de mí, niéguese a sí mismo, tome su cruz de cada día y sígame” (Lc 9,23). Encuentro del compromiso 202 – Encuentro del compromiso 203 -- ¿Cuál es tu nombre? 203 – ¿Qué pides a la iglesia de Dios? La fe 206 -- ¿Qué te da la fe? La vida eterna 213 | ||
| 590 | _aInventariado 2026/DG | ||
| 650 | _976649 | ||
| 910 | _aDG | ||
| 942 |
_2ddc _cLBS1 |
||
| 999 |
_c60160 _d60160 |
||